| 000 | 02524nkc a22003377a 4500 | ||
|---|---|---|---|
| 001 | 85864 | ||
| 005 | 20260430120538.0 | ||
| 007 | kh bo | ||
| 008 | 260430s1915 sp ||||| |||| |0| i|spa d | ||
| 040 |
_aM-RABA _bspa _cM-RABA |
||
| 100 | 1 |
_aRoig Villalonga, Juana ( _d1877-1941) _942535 |
|
| 245 | 1 | 1 |
_a[Estella, Navarra _b: Iglesia de Santa María de Irache y Palacio de los Duques de Granada de Egea] _c/ J. Roig _h[Material gráfico] |
| 260 |
_a: Madrid _b: J. Roig _c[ca. 1915] |
||
| 300 |
_a4 fotografías _b: aristotipo _c, imagen 23 x 16,5 cm |
||
| 500 | 0 | 0 | _aConjunto de cuatro fotografías de diferentes monumentos de Estella, en Navarra. |
| 500 | 0 | 0 | _aFot-836: Palacio de los duques de Granada de Egea. Hoy cárcel. Fot-837: Claustro de Santa María de Irache. Fot-838: Iglesia del convento de Santa María de Irache. Fot-839: Puerta del claustro de Santa María de Irache. |
| 500 | 0 | 0 | _aAnotación manuscrita a lápiz en el reverso de la Fot-836: "reproducido en el libro de Lamperez y Romeam: arquitectura civil (1922). T. I. P 341 (Fig.377)". |
| 500 | 0 | 0 | _aSello a tinta al verso de las imágenes de la fotógrafa J. Roig, encargada del estudio de J. Laurent entre los años 1915 y 1930. Fecha de las imágenes tomada de los años en activo de su estudio fotográfico. |
| 500 | 0 | 0 | _aOriginales conservados en el IPCE en el fondo de Ruiz Vernacci (originales de Laurent): Fot-836: nº inventario VN-01236. Fot-837: nº inventario VN-01130. Fot-838: nº inventario VN-01237. Fot-839: nº inventario VN-01238. |
| 610 | 2 | 7 |
_aMonasterio de Santa María la Real (Irache, España) _911944 |
| 651 | 7 |
_aIrache (Navarra, España) _911945 |
|
| 651 | 7 |
_aEstella (Navarra, España) _911143 |
|
| 655 | 0 |
_aFotografías de monumentos _9111580 |
|
| 700 | 1 |
_aLaurent, J. ( _d1816-1886) _955737 |
|
| 852 | _jFot-836; Fot-837; Fot-838; Fot-839 | ||
| 856 |
_uhttps://archivoybiblioteca.realacademiabellasartessanfernando.com/cgi-bin/koha/opac-retrieve-file.pl?id=c76aab7bba504827e10d7be52fad588f _yFot-836 |
||
| 856 |
_uhttps://archivoybiblioteca.realacademiabellasartessanfernando.com/cgi-bin/koha/opac-retrieve-file.pl?id=96d1a8c070109bde97dc91fdf80c1145 _yFot-837 |
||
| 856 |
_uhttps://archivoybiblioteca.realacademiabellasartessanfernando.com/cgi-bin/koha/opac-retrieve-file.pl?id=6b8ea10c45240753a4779f190f0e079a _yFot-838 |
||
| 856 |
_uhttps://archivoybiblioteca.realacademiabellasartessanfernando.com/cgi-bin/koha/opac-retrieve-file.pl?id=7e983bd7503af0c570fdef82604831c4 _yFot-839 |
||
| 942 |
_cFOTOGRAFÍA _n0 |
||
| 999 |
_c85864 _d85864 |
||